Spoločensky zodpovedné podnikanie a jeho vplyv na spotrebiteľa bakalárska práca

Gespeichert in:
Bibliographische Detailangaben
1. Verfasser: Valovičová Eglová, Lucia
Körperschaft: Obchodná fakulta EU. Katedra marketingu
Weitere Verfasser: Paholková, Barbora
Format: Buch
Sprache:Slowakisch
Veröffentlicht: Bratislava 2015
Tags: Tag hinzufügen
Keine Tags, Fügen Sie das erste Tag hinzu!

MARC

LEADER 00000nbm a2200000 4500
001 0203355
005 20161212110451.4
041 0 |a slo 
044 |a SK 
245 1 0 |a Spoločensky zodpovedné podnikanie a jeho vplyv na spotrebiteľa  |b bakalárska práca  |c Lucia Eglová ; školiteľ: Barbora Paholková 
264 1 |a Bratislava  |c 2015 
300 |a 55 s. 
100 1 |a Valovičová Eglová, Lucia 
700 1 |a Paholková, Barbora 
710 2 |a Obchodná fakulta EU. Katedra marketingu